000 00871cab a2200229 4500
001 WB3230-58
008 090401t1996 xxu||||| |||| 00| 0 eng d
035 _a(Sirsi) u64739
041 _aeng
245 _aCompulsory acquisition
260 _c1996
350 _a0
490 _aEstates Gazette Case Summaries
_v[1996] EGCS 133(1) (27/7/96)
520 _a"E Johnson and Co (Barbados) Ltd v NSR Ltd" Privy Council 9 July 1996. Held that the risk of interference with land owning rights by the Crown or by other statutory authorities was always present.
650 _aCOMPULSORY ACQUISITION
650 _aCROWN LAND
650 _aE JOHNSON AND CO (BARBADOS) LTD V NSR LTD
650 _aLAND ACQUISITION ACT S3
690 _aENVIRONMENTAL AND LAND CONSULTANCY-PLANNING AND DEVELOPMENT-COMPULSORY PURCHASE AND COMPENSATION
942 _n0
948 _c04/03/1997
999 _c40335
_d40335